| 000 | 00594nam a22001817a 4500 | ||
|---|---|---|---|
| 003 | OSt | ||
| 005 | 20260203090008.0 | ||
| 008 | 260203b |||||||| |||| 00| 0 eng d | ||
| 020 | _a971-510-014-7. | ||
| 040 |
_aDWC-Main lib _cOC |
||
| 082 |
_2Newly revised edition _aGR. 241 P473c 1996 |
||
| 100 | _aPerschke, Karl H. | ||
| 245 |
_aChristian ethics : _bmoral theology in the Light of Vatican II vol. I _cKarl H. Perschke |
||
| 260 |
_aManila : _bLogos Publications, _cc1996. |
||
| 300 |
_aviii, 382 pages ; _c21 cm. |
||
| 650 | _a1. Christian ethics. | ||
| 942 |
_2ddc _cGR _eNewly rev. ed. _kGR. _n0 |
||
| 999 |
_c8232 _d8232 |
||